| 000 | 00481cam a2200193ua 4500 | ||
|---|---|---|---|
| 001 | 1654 | ||
| 008 | 110714n ii |||gr||||Z||||||eng | ||
| 020 | _a81-237-3716-5 | ||
| 040 | _cMAIN | ||
| 082 | _a363.73 | ||
| 100 | 1 |
_aed. by Goswami, Abonee Ch., _eAuthor. |
|
| 245 | 1 |
_aParibesh Padukhan _cby N. Moniwaskom |
|
| 250 | _a1st. | ||
| 260 |
_aCalcutta: _bNational Book trust, _c2002. |
||
| 300 |
_a140p: _bill; _c23cm. |
||
| 653 | _aEconomics | ||
| 653 | _aPolution | ||
| 942 | _cBK | ||
| 999 |
_c1541 _d1541 |
||